|
|
|
|
| LEADER |
01750nam a2200481 a 4500 |
| 001 |
nkc20071715993 |
| 003 |
CZ PrNK |
| 005 |
20070719131549.0 |
| 007 |
ta |
| 008 |
070413s2007 xr a c 000 j cze |
| 015 |
|
|
|a cnb001715993
|
| 020 |
|
|
|a 978-80-00-02010-5
|q (váz.)
|
| 035 |
|
|
|a (OCoLC)137331033
|
| 040 |
|
|
|a OLA001
|b cze
|d ABA001
|
| 072 |
|
7 |
|a 821.162.3-3
|x Česká próza
|2 Konspekt
|9 25
|
| 072 |
|
7 |
|a 821-93
|x Literatura pro děti a mládež (beletrie)
|2 Konspekt
|9 26
|
| 080 |
|
|
|a 821-93
|2 MRF
|
| 080 |
|
|
|a 821.162.3-32
|2 MRF
|
| 080 |
|
|
|a (0:82-322.4)
|2 MRF
|
| 100 |
1 |
|
|a Steklač, Vojtěch,
|d 1945-2021
|7 jk01121138
|4 aut
|
| 245 |
1 |
0 |
|a Dvojčata v akci.
|p Liga starších džentlmenů /
|c Vojtěch Steklač ; [ilustroval Milan Starý]
|
| 246 |
3 |
0 |
|a Liga starších džentlmenů
|
| 250 |
|
|
|a 1. vyd.
|
| 260 |
|
|
|a Praha :
|b Albatros,
|c 2007
|
| 300 |
|
|
|a 147 s. :
|b il. ;
|c 21 cm
|
| 490 |
1 |
|
|a Karneval
|
| 490 |
1 |
|
|a Klub mladých čtenářů
|
| 521 |
8 |
|
|a Pro čtenáře od 9 let
|
| 655 |
|
7 |
|a české příběhy
|7 fd133973
|2 czenas
|
| 655 |
|
7 |
|a detektivní příběhy
|7 fd132009
|2 czenas
|
| 655 |
|
7 |
|a publikace pro děti
|7 fd133156
|2 czenas
|
| 655 |
|
9 |
|a Czech stories
|2 eczenas
|
| 655 |
|
9 |
|a detective stories
|2 eczenas
|
| 655 |
|
9 |
|a children's literature
|2 eczenas
|
| 700 |
1 |
|
|a Starý, Milan,
|d 1970-
|7 xx0008670
|4 ill
|
| 830 |
|
0 |
|a Karneval
|0 s
|
| 830 |
|
0 |
|a Klub mladých čtenářů (Albatros)
|0 s
|
| 856 |
4 |
1 |
|u http://www.digitalniknihovna.cz/mzk/uuid/uuid:45c582d0-0287-11e4-9789-005056827e52
|y Digitalizovaný dokument
|x NDK
|
| 910 |
2 |
|
|a BOA001
|b 2-1186.191
|
| 990 |
|
|
|a BK
|
| 995 |
|
|
|a 01
|
| 991 |
|
|
|b 200705
|
| 996 |
6 |
|
|b 2610310769
|c 2-1186.191
|l MZK
|r Sklad / do 1 hodiny
|n 3
|p p.v.
|w 000849462
|u 000010
|a 1
|e BOA001
|j MZK50
|s P
|